000 01387cam a2200373 a 4500
001 13409795
003 ARRUPE
005 20160929113017.0
008 030923m20039999ke b 000 0 eng
010 _a 2003405772
020 _a9966218831 (v. 1)
020 _a9966081577 (v. 2)
020 _a9789966087324 (v. 3)
020 _a996608732X (v. 3)
035 _a(DLC) 2003405772
040 _aDLC
_cDLC
041 1 _aeng
_hfre
042 _alcode
050 0 0 _aBT30.A357
_bT4813 2003
130 0 _aTheologie africaine au XXIe siecle.
_lEnglish.
_926248
245 1 0 _aAfrican theology in the 21st century :
_bthe contribution of the pioneers /
_cBénézet Bujo, Juvénal Ilunga Muya (ed.) ; [translated from French by Silvano Borruso].
260 _aNairobi, Kenya :
_bPaulines Publications Africa,
_c2003-<2005>
300 _av. <1-2> ;
_c21 cm.
504 _aIncludes bibliographical references.
650 0 _aTheologians
_zAfrica.
_926249
650 0 _aTheology, Doctrinal
_zAfrica.
_98574
700 1 _aBujo, Bénézet.
_914709
_4ed.
700 1 _aIlunga Muya, Juvénal.
_926250
_4ed.
906 _a7
_bcbc
_corigode
_d2
_encip
_f20
_gy-gencatlg
942 _2lcc
_cMONOGRAPH
999 _c125367
_d125367